000 00508nam a22001937a 4500
005 20250303131141.0
008 250303b |||||||| |||| 00| 0 eng d
020 _a9789380836157
_qhbk
041 _aeng
082 _a070
_bMON
100 _aMonita Singh
245 _aJournalism techniques
_c/ Monita Singh
250 _a1st ed.
260 _aNew Delhi
_bCentrum Press
_cc2010
300 _a297 p.
_c23 cm.
504 _aindex
650 _aJournalism; Reporting; Public Journalism
942 _cENGLISH
999 _c568610
_d568610